2人称を曲名に含む嵐の曲 - Statistics

General Stats
  • This quiz has been taken 43 times
  • The average score is 7 of 28
Answer Stats
リーリス年 二人称 Answer % Correct
2001 君のために僕がいる
73%
2015 キミ 青空の下、キミのとなり
73%
2018 君のうた
62%
2007 YOU ROCK YOU
38%
2020 You Whenever You Call
38%
2020 you Do you…?
30%
2012 それはやっぱり君でした
27%
2014 キミ キミの夢を見ていた
27%
2007 you Cry for you
27%
2004 YOU RIGHT BACK TO YOU
27%
2002 君は少しも悪くない
24%
2017 you Song for you
24%
2002 君はいないから
22%
2012 君がいるから
19%
2015 君への想い
19%
2004 you Thank you for my days
19%
2012 you Up to you
19%
2012 you Waiting for you
19%
2003 君がいいんだ
16%
2007 you Be with you
16%
2004 君だけを想ってる
14%
2007 You Can’t Let You Go
14%
2016 You Don’t You Get It
14%
2004 You Hey Hey Lovin’ You
14%
2014 君が笑えるように
11%
2015 you Don’t you love me?
11%
2016 you Are you ready now?
5%
2009 キミ Crazy Moon 〜キミ・ハ・ムテキ〜
5%
No matching quizzes found
Score Distribution
Percent of People with Each Score
Percentile by Number Answered
Your Score History
You have not taken this quiz